|
|
|
|
| LEADER |
00000nab a2200000 a 4500 |
| 001 |
vtls000176909 |
| 003 |
SK-MaSNL |
| 005 |
20260304070924.0 |
| 008 |
250422c1983 xo 0 slo |
| 015 |
|
|
|a SNBRB19rr/mm-uuuuu
|
| 035 |
|
|
|a CL0187022
|
| 035 |
|
|
|a urn:nbn:sk:snk-ab7158
|
| 035 |
|
|
|a (uuid)837dffb1-7c03-4ea3-8bfc-6b2ff5116ddc
|
| 035 |
|
|
|a (urnnbn)urn:nbn:sk:snk:ar-a06htn
|
| 035 |
|
|
|a (sysno)vtls000176909
|
| 040 |
|
|
|a SNKBUCL
|b slo
|c SNKBUCL
|e AACR2
|
| 041 |
0 |
|
|a eng
|
| 044 |
|
|
|a xo
|c SK
|
| 080 |
|
|
|a 616.24-006:615.849
|2 1981
|
| 080 |
|
|
|a 615.849
|2 1981
|
| 245 |
0 |
0 |
|a Three-year results of surgical and combined treatment of lung cancer with a preoperative radiotherapy
|c A. Kh. Trakhtenberg ... [et al.]
|
| 300 |
|
|
|b Tb. 6., lit. 26 zázn. v ruš., angl.
|
| 650 |
0 |
7 |
|a nádory pľúc
|2 SNKPH
|9 19234
|
| 650 |
0 |
7 |
|a predoperačná rádioterapia
|2 SNK
|9 1357482
|
| 655 |
|
7 |
|a články z novín a časopisov
|2 SNK
|9 267496
|
| 700 |
1 |
|
|a Trakhtenberg, A. Kh.
|4 aut
|9 1357483
|
| 700 |
1 |
|
|a Kiseleva, E.S.
|4 aut
|9 1357484
|
| 700 |
1 |
|
|a Barchuk, A.S.
|4 aut
|9 1357485
|
| 700 |
1 |
|
|a Vagner, R.I.
|4 aut
|9 1357486
|
| 700 |
1 |
|
|a Glagolev, A.N.
|4 aut
|9 1357487
|
| 773 |
0 |
|
|t Neoplasma
|g Roč. 30, č. 5 (1983), s. 563-572
|
| 850 |
|
|
|a Slovenská národná knižnica
|
| 852 |
|
|
|a Slovenská národná knižnica
|
| 958 |
|
|
|a article27
|
| 958 |
|
|
|a RK
|
| 958 |
|
|
|a MI
|
| 958 |
|
|
|a NB
|
| 958 |
|
|
|a SU
|
| 958 |
|
|
|a OND
|
| 958 |
|
|
|a EUIPO
|
| 992 |
|
|
|a RBX
|
| 999 |
|
|
|c 2757992
|d 2759922
|